Breakthrough : a Course in English Communication Practice.Workbook : t. III /
Uloženo v:
| Hlavní autor: | |
|---|---|
| Další autoři: | |
| Médium: | Sách giấy |
| Jazyk: | English |
| Vydáno: |
Oxford :
Oxford University Press ,
1990
|
| Tagy: |
Přidat tag
Žádné tagy, Buďte první, kdo otaguje tento záznam!
|
| Thư viện lưu trữ: | Thư viện Trường Đại học Đà Lạt |
|---|
| LEADER | 00669nam a2200265 4500 | ||
|---|---|---|---|
| 001 | DLU020015905 | ||
| 005 | ##10/19/2000 | ||
| 020 | # | # | |a 978- |
| 041 | # | # | |a eng |
| 082 | # | # | |a 428.3 |b RI-J |
| 090 | # | # | |a 428.3 |b RI-J |
| 100 | # | # | |a Richards, J.c. |
| 245 | # | # | |a Breakthrough : |b a Course in English Communication Practice.Workbook : |p t. III / |c Richards J.C., Long M.N. |
| 260 | # | # | |a Oxford : |b Oxford University Press , |c 1990 |
| 300 | # | # | |a 56 tr.; |c 20 cm. |
| 700 | # | # | |a Long, M.n. |
| 992 | # | # | |a 4500 |
| 994 | # | # | |a DLU |
| 900 | # | # | |a False |
| 911 | # | # | |a Administrator |
| 925 | # | # | |a G |
| 926 | # | # | |a A |
| 927 | # | # | |a SH |
| 980 | # | # | |a Thư viện Trường Đại học Đà Lạt |